000466541 001__ 466541 000466541 005__ 20240712112425.0 000466541 0247_ $$2ISBN$$a978-90-9028614-3 000466541 037__ $$aRWTH-2015-02172 000466541 041__ $$aDutch 000466541 1001_ $$0P:(DE-82)IDM04742$$aScherberich, Klaus$$b0$$urwth 000466541 245__ $$a50.000 Romeinse soldaten$$hprint 000466541 260__ $$aMaastricht$$bCentre Céramique$$c2015 000466541 29510 $$aAvgvstvs op het spoor : op zoek naar de roots van de Euregio: Maastricht-Heerlen-Aken-Jülich / redactie: Karen Jeneson, Marcell Perse, Andreas Schaub, Klaus Scherberich, Wolfgang Schneiders ; vertalingen: Wim Dijkman, Gilbert Soeters 000466541 300__ $$a18-19 000466541 3367_ $$2DRIVER$$abookPart 000466541 3367_ $$2BibTeX$$aINBOOK 000466541 3367_ $$07$$2EndNote$$aBook Section 000466541 3367_ $$0PUB:(DE-HGF)7$$2PUB:(DE-HGF)$$aContribution to a book$$bcontb$$mcontb 000466541 3367_ $$2DataCite$$aOutput Types/Book chapter 000466541 3367_ $$2ORCID$$aBOOK_CHAPTER 000466541 591__ $$aGermany 000466541 909CO $$ooai:publications.rwth-aachen.de:466541$$pVDB 000466541 9141_ $$y2015 000466541 9201_ $$0I:(DE-82)741110_20140620$$k741110$$lLehrstuhl für Alte Geschichte mit dem Schwerpunkt Geschichte als Wissenskultur und Historisches Institut$$x0 000466541 961__ $$c2015-05-12T13:56:12.539906$$x2015-05-12T13:56:12.539906$$z2015-06-09 000466541 980__ $$acontb 000466541 980__ $$aUNRESTRICTED 000466541 980__ $$aVDB 000466541 980__ $$aI:(DE-82)741110_20140620